Grandes personajes de Talca
Shranjeno v:
| Glavni avtor: | |
|---|---|
| Format: | Knjiga |
| Jezik: | španščina |
| Izdano: |
Talca
Departamento de Cultura. Ilustre Municipalidad de Talca
2011
|
| Teme: | |
| Oznake: |
Označite
Brez oznak, prvi označite!
|
MARC
| LEADER | 00000cam a2200000 a 4500 | ||
|---|---|---|---|
| 001 | UCG9287 | ||
| 003 | CL-VaPUC | ||
| 008 | 120309e20110000CL |||||||||||||||||spa|d | ||
| 082 | 0 | 4 | |a 920.0092983 |b VAL |2 21 |
| 100 | 0 | |a Valderrama Gutiérrez, Jorge |e author |9 560779 | |
| 245 | 1 | 0 | |a Grandes personajes de Talca |
| 300 | |a 156 p | ||
| 942 | |c BK | ||
| 945 | |d 20120309 00:00:00 |a dcastane | ||
| 260 | |a Talca |b Departamento de Cultura. Ilustre Municipalidad de Talca |c 2011 | ||
| 650 | 0 | |a Biografías |9 255210 | |
| 650 | 7 | |a BIOGRAFIAS DE CHILENOS |2 CL-VaPUC |9 560780 | |
| 650 | 7 | |a CHILENOS ILUSTRES |2 CL-VaPUC |9 548431 | |
| 651 | 0 | |a Talca |9 265150 | |
| 651 | 7 | |a CHILE |2 CL-VaPUC |9 560781 | |
| 583 | |a last modification |c 20120821 04:28:31 |k Rodrigo Vera | ||
| 999 | |c 346848 |d 346846 | ||
| 952 | |0 0 |1 0 |4 0 |6 920_009298300000000_VAL_2011 |7 0 |8 A |9 447780 |a BIBHIS |b BIBHIS |d 2019-11-22 |i 4836618 |o 920.0092983 VAL 2011 |p 4836618 |r 2023-01-25 |w 2019-11-22 |y BK |k HIS | ||
| 952 | |0 0 |1 0 |4 0 |6 920_009298300000000_VAL_2011 |7 0 |8 A |9 447781 |a BIBCUR |b BIBCUR |d 2019-11-22 |i 4836626 |o 920.0092983 VAL 2011 |p 4836626 |r 2025-04-22 |w 2019-11-22 |y BK |k PER | ||
| 952 | |0 0 |1 0 |4 0 |6 920_009298300000000_VAL_2011 |7 0 |8 X |9 447782 |a FDOBUD |b FDOBUD |d 2019-11-22 |i 4834984 |o 920.0092983 VAL 2011 |p 4834984 |r 2019-11-22 |w 2019-11-22 |y BK_X |k BUD | ||